Le quartier de l'E.BABBAR de Sippar (Sommaire des fouilles de 1985-1989, 8-11èmes campagnes)
| Main Author: | |
|---|---|
| Format: | Print Article |
| Language: | French |
| Check availability: | HBZ Gateway |
| Interlibrary Loan: | Interlibrary Loan for the Fachinformationsdienste (Specialized Information Services in Germany) |
| Published: |
1991
|
| In: |
Mésopotamie et Elam
Year: 1991, Pages: 193-196 |
| RelBib Classification: | BC Ancient Orient; religion HH Archaeology |
| Further subjects: | B
Sippar
|
MARC
| LEADER | 00000caa a22000002c 4500 | ||
|---|---|---|---|
| 001 | 1588778991 | ||
| 003 | DE-627 | ||
| 005 | 20240513205213.0 | ||
| 007 | tu | ||
| 008 | 190311s1991 xx ||||| 00| ||fre c | ||
| 035 | |a (DE-627)1588778991 | ||
| 035 | |a (DE-576)518778991 | ||
| 035 | |a (DE-599)BSZ518778991 | ||
| 040 | |a DE-627 |b ger |c DE-627 |e rakwb | ||
| 041 | |a fre | ||
| 084 | |a 1 |2 ssgn | ||
| 100 | 1 | |0 (DE-588)134170547 |0 (DE-627)561462410 |0 (DE-576)300355025 |4 aut |a Ǧādir, Walīd al- | |
| 109 | |a Ǧādir, Walīd al- |a Jadir, Walid al- |a Al-Jadir, Walid | ||
| 245 | 1 | 3 | |a Le quartier de l'E.BABBAR de Sippar (Sommaire des fouilles de 1985-1989, 8-11èmes campagnes) |
| 264 | 1 | |c 1991 | |
| 336 | |a Text |b txt |2 rdacontent | ||
| 337 | |a ohne Hilfsmittel zu benutzen |b n |2 rdamedia | ||
| 338 | |a Band |b nc |2 rdacarrier | ||
| 601 | |a Campagna | ||
| 651 | 7 | |0 (DE-588)4379195-5 |0 (DE-627)18583292X |0 (DE-576)211817465 |a Sippar |2 gnd | |
| 652 | |a BC:HH | ||
| 773 | 0 | 8 | |i In |t Mésopotamie et Elam |d Ghent, Belgium : Mesopotamian History and Envir, 1991 |g (1991), Seite 193-196 |h XI, 222 S. |w (DE-627)1099233267 |w (DE-576)029233267 |7 nnam |
| 773 | 1 | 8 | |g year:1991 |g pages:193-196 |
| 935 | |a BIIN | ||
| 951 | |a AR | ||
| BIB | |a 1 | ||
| ELC | |b 1 | ||
| ITA | |a 1 |t 1 | ||
| LOK | |0 000 xxxxxcx a22 zn 4500 | ||
| LOK | |0 001 3058342306 | ||
| LOK | |0 003 DE-627 | ||
| LOK | |0 004 1588778991 | ||
| LOK | |0 005 20190311183930 | ||
| LOK | |0 008 190311||||||||||||||||ger||||||| | ||
| LOK | |0 035 |a (DE-Tue135-1)40824 | ||
| LOK | |0 040 |a DE-Tue135-1 |c DE-627 |d DE-Tue135-1 | ||
| LOK | |0 852 |a DE-Tue135-1 | ||
| LOK | |0 852 1 |c AT10514/ARW |m p |9 00 | ||
| LOK | |0 852 2 |b Z 90 |9 00 | ||
| LOK | |0 935 |a iSWA | ||
| LOK | |0 936ln |0 1442044187 |a HH | ||
| LOK | |0 936ln |0 1442043377 |a BC | ||
| LOK | |0 938 |k p | ||
| LOK | |0 939 |a 11-03-19 |b l12 | ||
| ORI | |a SA-MARC-ixtheoa001.raw | ||
| REL | |a 1 | ||
| SUB | |a BIB |a REL | ||
| SYF | 0 | 0 | |a Sippir,Sipir,Sippara,Abū Ḥabba,Tall Abī Ḥabba |



